Diccionario de términos e ismos literarios

Saved in:
Bibliographic Details
Format: Book
Language:Spanish
Published: Madrid José Porrua 1977
Subjects:
Tags: Add Tag
No Tags, Be the first to tag this record!

MARC

LEADER 00000nam a2200000 a 4500
001 UCX2285
003 CL-VaPUC
008 910417e19770000SP |||||||||||||||||spa|d
082 0 4 |a 803  |b DIC  |2 21 
245 1 0 |a Diccionario de términos e ismos literarios 
300 |a 192 p 
942 |c BK 
945 |d 19910417 00:00:00 
260 |a Madrid  |b José Porrua  |c 1977 
650 0 |a Literatura  |9 259151 
650 0 |a Diccionario Español   |9 255650 
650 7 |a FORMAS LITERARIAS  |2 CL-VaPUC  |9 314716 
583 |a last modification  |c 19910417 00:00:00  |k Rodrigo Vera 
999 |c 223335  |d 223333 
952 |0 0  |1 0  |4 0  |6 803_000000000000000_DIC_1977  |7 0  |8 X  |9 219008  |a BIBEDU  |b BIBEDU  |d 2019-11-15  |i 287816K  |o 803 DIC 1977  |p 287816K  |r 2023-01-13  |w 2019-11-15  |y BK_X  |k LIT